Zborník Pedagogickej fakulty Univerzity Komenského a katedier jazykov Univerzity Komenského Philologia 9-10. 1989-1990
Uložené v:
| Médium: | Kniha |
|---|---|
| Jazyk: | Slovak |
| Vydavateľské údaje: |
Bratislava
Slov. ped. nakl.
1991
|
| Vydanie: | 1. vyd. |
| Tagy: |
Žiadne tagy, Buďte prvý, kto otaguje tento záznam!
|
MARC
| LEADER | 00000nam a2200000 4500 | ||
|---|---|---|---|
| 001 | c040705 | ||
| 005 | 20221214095421.2 | ||
| 041 | 0 | |a slo | |
| 044 | |a SK | ||
| 245 | 1 | 0 | |a Zborník Pedagogickej fakulty Univerzity Komenského a katedier jazykov Univerzity Komenského |b Philologia 9-10. 1989-1990 |
| 250 | |a 1. vyd. | ||
| 264 | 1 | |a Bratislava |b Slov. ped. nakl. |c 1991 | |
| 300 | |a 160 s. | ||